Historical Monarchs Quiz #2 - Statistics

General Stats
  • This quiz has been taken 396 times
  • The average score is 15 of 32
Answer Stats
Position Reign Monarch % Correct
King of France 1643–1715 Louis XIV
98%
Russian Tsar 1894–1917 Nicholas II
91%
King of Macedon 336–323 BC Alexander
85%
Russian Tsar 1682–1725 Peter
84%
Russian Tsar 1762–1796 Catherine
82%
Russian Tsar 1547–1584 Ivan
82%
Egyptian Pharaoh 51–30 BC Cleopatra
79%
King of France 1804–1814 Napoleon
76%
Egyptian Pharaoh 1279–1213 BC Ramesses II
75%
Egyptian Pharaoh 1334–1325 BC Tutankhamun
73%
Voivode of Wallachia 1448, 1456–1462, 1476–1477 Vlad III
65%
King of Macedon 359–336 BC Philip II
64%
King of Judea 37–4 BC Herod
55%
Queen of Denmark 1972– Margrethe II
51%
King of Denmark, King of England, King of Norway 1018–1035, 1016–1035, 1028–1035 Cnut
45%
King of France 1515–1547 Francis
40%
King of Denmark 958–986 Harald Bluetooth
40%
Swedish King 1611–1632 Gustavus Adolphus
38%
Greek King 1964–1973 Constantine II
33%
King of Babylon 605–562 BC Nebuchadnezzar II
33%
King of Babylon 1792–1750 BC Hammurabi
28%
Romanian King 1927–1930 Michael
28%
Swedish Queen 1632–1654 Christina
27%
Russian Tsar 1741–1762 Elizabeth
27%
Hawaiian King 1782–1819 Kamehameha
27%
King of Norway 1015–1028 Olaf II
21%
Egyptian Pharaoh 1351–1334 BC Akhenaten
17%
Egyptian Pharaoh 2589–2566 BC Khufu
17%
Mughal Emperor 1556–1605 Akbar
15%
Sapa Inca 1532–1533 Atahualpa
14%
Mughal Emperor 1526–1530 Babur
11%
Mughal Emperor 1628–1658 Jahan
10%
No matching quizzes found
Score Distribution
Percent of People with Each Score
Percentile by Number Answered
Your Score History
You have not taken this quiz